000 00900nam a2200265 a 4500
001 000020881
003 DO-SdBNP
005 20250514112823.0
008 100820s1991 sp r 000 j spa d
020 _a8476404778
040 _aDO-SdBNP
_bspa
_cBNPHU
040 _aDO-SdBNP
082 _a813.52
_bL897n
100 1 _aLovecraft, H. P.,
_d1890-1937
_912830
245 1 3 _aLa noche del océano y otros escritos inéditos /
_cH. P. Lovecraft ; selección, preparación y prólogo de Alberto Santos Castillo ; traducido por José María Nebreda.
260 _aMadrid :
_bEDAF,
_c1991.
300 _a176 p. ;
_c21 cm.
490 1 _aÍcaro
650 4 _aCuentos estadounidense
_910646
650 4 _aLiteratura estadounidense
_ySiglo XX
_96874
700 1 _aNebreda, José María,
_etr.
_943764
700 1 _aSantos Castillo, Alberto,
_epról.
_943765
830 0 _aÍcaro
_943766
942 _2ddc
_cLBS1
999 _c20384
_d20384